000 00667nam a22001817a 4500
003 DO-SdBNP
005 20180316100550.0
008 180226b 1992 mx a 00| 0 spa d
020 _a9682942594
040 _aBPMSU
_bspa
_cBPMSU
245 0 0 _a1er. catálogo de ilustradores de publicaciones infantiles y juveniles, 1991
246 1 _aPrimer catálogo de ilustradores de publicaciones infantiles y juveniles.
260 _aMéxico, D. F. :
_bConsejo Nacional para la Cultura y las Artes, Dirección General de Publicaciones,
_c1992.
300 _a123 p. :
_bil. ;
_c28 cm.
942 _2ddc
_cBK
945 _aInventariado, 2018 /LP
956 _aLOPEREZ
_b10
_c20180226
_hBPMSU
999 _c13339
_d13339